000 00549nam a2200217Ia 4500
005 20230324092103.0
008 131103s9999 xx 000 0 und d
020 _a0 0063319 5
040 _aLoreto College
041 _aEnglish
082 _a822.91
_bBEC-ALV
100 _aAlvarez,A.
245 _aBackett
_cA. Alvarez
260 _aLondon
_bFontana
_c1973
300 _a144 p.
440 _aFontana Modern Masters
504 _aIncludes bibliographical references
700 _aKermode,Frank,series ed.
850 _aLCLIB
942 _cBK
999 _c4276
_d54755